000 00527nam a22001937a 4500
003 KOHA_MİRAKIL
005 20251126123647.0
008 251126b tu ||||| |||| 00| 0 tur d
020 _a9789750518515
040 _aTR-AnABB
_btur
_cTR-AnABB
041 _atur
082 _a741.5
_bCAN 2021
100 1 _aCantek, Levent,
245 1 0 _aUzak şehir /
_cLevent Cantek
260 _aİstanbul :
_bİletişim Yayınları,
_c2021
300 _a124 sayfa ;
_c22 cm
650 0 4 _aTürk edebiyatı, roman
942 _2ddc
_cBK
999 _c9637
_d9637
900 _bGizem YORULMAZ